El Fondo de reserva y sus implicancias en el procedimiento laboral / (Registro nro. 5325)
[ vista simple ]
| 000 -LEADER | |
|---|---|
| fixed length control field | 01451nab a22002177a 4500 |
| 003 - CONTROL NUMBER IDENTIFIER | |
| control field | OSt |
| 005 - DATE AND TIME OF LATEST TRANSACTION | |
| control field | 20250220115006.0 |
| 008 - FIXED-LENGTH DATA ELEMENTS--GENERAL INFORMATION | |
| fixed length control field | 190605e xxu||||| |||| 00| 0 spa d |
| 040 ## - CATALOGING SOURCE | |
| Transcribing agency | PJ |
| 100 ## - MAIN ENTRY--PERSONAL NAME | |
| 9 (RLIN) | 6371 |
| Personal name | Simionato, Maximiliano H. |
| 245 13 - TITLE STATEMENT | |
| Title | El Fondo de reserva y sus implicancias en el procedimiento laboral / |
| Statement of responsibility, etc | Maximiliano H. Simionato. |
| 260 ## - PUBLICATION, DISTRIBUTION, ETC. (IMPRINT) | |
| Place of publication, distribution, etc | Ciudad Autónoma de Buenos Aires : |
| Name of publisher, distributor, etc | Thomson Reuters La Ley, |
| Date of publication, distribution, etc | 2025. |
| 300 ## - PHYSICAL DESCRIPTION | |
| Extent | p. 147-155 |
| 500 ## - GENERAL NOTE | |
| General note | Cita Online: AR/DOC/3136/2024. |
| 505 ## - FORMATTED CONTENTS NOTE | |
| Formatted contents note | Sumario: I. Naturaleza jurídica del Fondo de Reserva de la ley 24.557.— II. ¿El Fondo de Reserva es parte en el proceso?— III. El rol del Fondo de Reserva en el proceso.— IV. Los delegados liquidadores.— V. Embargabilidad o inembargabilidad del Fondo de Reserva.— VI. Marco reglamentario. El cómputo de los intereses en el marco de una hipotética condena —sistémica— recaída contra una aseguradora liquidada.— VII. Costas en el proceso. Responsabilidad sistémica o extra sistémica.— VIII. Plenario "Borgia".— IX. Res. 28.117<br/><br/> |
| 505 ## - FORMATTED CONTENTS NOTE | |
| Title | ¿Te interesa el texto completo? Solicitalo al correo: koha@justierradelfuego.gov.ar<br/> |
| 650 #0 - SUBJECT ADDED ENTRY--TOPICAL TERM | |
| 9 (RLIN) | 1316 |
| Topical term or geographic name as entry element | DERECHO LABORAL |
| 650 #0 - SUBJECT ADDED ENTRY--TOPICAL TERM | |
| 9 (RLIN) | 6372 |
| Topical term or geographic name as entry element | FONDO DE RESERVA DE LA LEY SOBRE RIESGOS DEL TRABAJO |
| 773 0# - HOST ITEM ENTRY | |
| Host Biblionumber | 2711 |
| Host Itemnumber | 3168 |
| Place, publisher, and date of publication | Ciudad Autónoma de Buenos Aires : Thomson Reuters La Ley, 1999-2002. |
| Title | Revista de derecho del trabajo. Nº 1 - Enero 2025 |
| 942 ## - ADDED ENTRY ELEMENTS (KOHA) | |
| Source of classification or shelving scheme | |
| Koha item type | Analítica Artículo de Revista |
No hay ítems disponibles.
